El abogado del diablo
Guardat en:
| Autor principal: | |
|---|---|
| Format: | Llibre |
| Idioma: | espanyol |
| Publicat: |
Santiago
Del Nuevo Extremo
1961
|
| Matèries: | |
| Etiquetes: |
Afegir etiqueta
Sense etiquetes, Sigues el primer a etiquetar aquest registre!
|
MARC
| LEADER | 00000cam a2200000 a 4500 | ||
|---|---|---|---|
| 001 | UCE1254 | ||
| 003 | CL-VaPUC | ||
| 008 | 140407e19610000cl |||||||||||||||||spa|d | ||
| 082 | 0 | 4 | |a A823 |b WES |2 21 |
| 100 | 0 | |a West, Morris |e author |9 573613 | |
| 245 | 1 | 3 | |a El abogado del diablo |
| 300 | |a 405 p | ||
| 942 | |c BK | ||
| 945 | |d 20140407 11:30:00 |a cmena | ||
| 260 | |a Santiago |b Del Nuevo Extremo |c 1961 | ||
| 650 | 0 | |a Novelas australianas |9 315909 | |
| 650 | 0 | |a Literatura australiana |9 353685 | |
| 583 | |a last modification |c 20140407 11:30:00 |k Rodrigo Vera | ||
| 999 | |c 355110 |d 355108 | ||
| 952 | |0 0 |1 0 |3 erb |4 0 |6 A_823_000000000000000_WES_1961 |7 0 |8 A |9 461492 |a BIBEDU |b BIBEDU |i 5051037 |o A823 WES 1961 |p 5051037 |r 2019-11-23 |w 2019-11-23 |y BK |z Catalogado en:20140407 |k LIT | ||